1133 1039 1463 1623 1467 1938 1467 1887 1590 1731 1720 1928 1926 1873 1986 1541 1165 1021 1374 1629 1828 1331 1383 1664 1624 1258 1902 1408 1457 1238 1398 1562 1361 1193 1228 1575 1389 1350 1124 1744 1409 1092 1189 1138 1783 1089 1157 1745 1234 1252 1761 1518 1734 1921 1883 1607 1668 1603 1200 1503 1119 1163 1243 1794 1848 1940 1875 1757 1326 1466 1341 1501 1773 1866 1846 1957 1961 1241 1028 1681 1081 1484 1077 1564 1918 1612 1103 1268 1216 1850 1502 1027 1926 1666 1304 1831 1968 1341 1555 BCNSPRNW ULIB Ver.6.0+V

เปลี่ยนเป็นภาษาไทย

Change to English
 แสดงรายละเอียดบรรณานุกรม
  กลับหน้าหลัก

Brief Record : Get Marc (ISO 2709) : E-mail record : QR code < ปิดหน้าต่าง
LEADER : 00000nam 2200000uu 4500
001    13399110342
003     ULIB
008    110124s2552||||th 000 0 tha d
020    9789746725224
060 04 WM420^bท446จ 2552
100 0  ทินกร วงศ์ปการันย์
245 10 จิตบำบัด :^bทฤษฎีและเทคนิค = Psychotherapy : theoriesand techniques /^cทินกร วงศ์ปการันย์
246 31 Psychotherapy :^btheories and techniques
250    พิมพ์ครั้งที่ 1
260    เชียงใหม่:^bภาควิชาจิตเวชศาสตร์ คณะแพทยศาสตร์มหาวิทยาลัยเชียงใหม่,^c2552
300    368 หน้า :^bภาพประกอบ ;^c21 ซม.
650  7 จิตบำบัด
710 2  มหาวิทยาลัยเชียงใหม่. ^bคณะแพทยศาสตร์.^bภาควิชาจิตเวชศาสตร์
945    ^p300^l0^i028680
945    ^p300^l0^i028679
945    ^p300^l0^i028678
945    ^p300^l0^i028681
995    ทศพร
999 ^a ใช้งานได้ทุกระบบ
รายการนี้ยังไม่มีแท็ก
คุณยังไม่ได้ล็อกอิน คุณสามารถมีกิจกรรมร่วมกับเว็บไซต์ได้ แต่ต้องล็อกอินก่อน ::
  ล็อกอิน

รายการสื่อสารสนเทศ

ลำดับที่ ประเภท เลขเรียก/บาร์โค้ด สถานที่ สถานะ
1. วิทยาศาสตร์การแพทย์ และสุขภาพ
วิทยาศาสตร์การแพทย์ และสุขภาพ
WM420 ท446จ 2552 ฉ.3 
  Barcode: 028680
ห้องสมุดวิทยาเขตสวรรค์ประชารักษ์
►ส่วนจัดเก็บหนังสือเก่า สปร
บนชั้น
  ขอยืม

รายการใกล้เคียง
    ผู้แต่ง [ทินกร วงศ์ปการันย์]

    หัวเรื่อง [จิตบำบัด]

BibComment


ยังไม่เคยถูกคอมเมนท์

คอมเมนท์ทรัพยากรรายการนี้
  คอมเมนท์: จิตบำบัด ทฤษฎีแล..


 Copyright 2026. Bcnsprnw @Library